Catholic University of Zimbabwe Library
Online Public Access Catalogue
(OPAC)

The Twilight of the Avant-Garde (Record no. 25962)

MARC details
000 -LEADER
fixed length control field 02387cam a22004454a 4500
001 - CONTROL NUMBER
control field muse82864
003 - CONTROL NUMBER IDENTIFIER
control field MdBmJHUP
005 - DATE AND TIME OF LATEST TRANSACTION
control field 20210127151511.0
006 - FIXED-LENGTH DATA ELEMENTS--ADDITIONAL MATERIAL CHARACTERISTICS
fixed length control field m o d
007 - PHYSICAL DESCRIPTION FIXED FIELD--GENERAL INFORMATION
fixed length control field cr||||||||nn|n
008 - FIXED-LENGTH DATA ELEMENTS--GENERAL INFORMATION
fixed length control field 100128s2009 enk o 00 0 eng d
010 ## - LIBRARY OF CONGRESS CONTROL NUMBER
Canceled/invalid LC control number 2009482698
020 ## - INTERNATIONAL STANDARD BOOK NUMBER
International Standard Book Number 9781789624229
020 ## - INTERNATIONAL STANDARD BOOK NUMBER
Canceled/invalid ISBN 9781846311833 (hbk.)
020 ## - INTERNATIONAL STANDARD BOOK NUMBER
Canceled/invalid ISBN 1846311837 (hbk.)
035 ## - SYSTEM CONTROL NUMBER
System control number (OCoLC)1138500257
040 ## - CATALOGING SOURCE
Original cataloging agency MdBmJHUP
Transcribing agency MdBmJHUP
050 04 - LIBRARY OF CONGRESS CALL NUMBER
Classification number PQ6085
Item number .M376 2009
100 1# - MAIN ENTRY--PERSONAL NAME
Personal name Mayhew, Jonathan,
Dates associated with a name 1960-
245 14 - TITLE STATEMENT
Title The Twilight of the Avant-Garde
Remainder of title Spanish Poetry 1980-2000 /
Statement of responsibility, etc. Jonathan Mayhew.
264 #1 - PRODUCTION, PUBLICATION, DISTRIBUTION, MANUFACTURE, AND COPYRIGHT NOTICE
Name of producer, publisher, distributor, manufacturer Liverpool University Press,
264 #3 - PRODUCTION, PUBLICATION, DISTRIBUTION, MANUFACTURE, AND COPYRIGHT NOTICE
Name of producer, publisher, distributor, manufacturer Project MUSE,
300 ## - PHYSICAL DESCRIPTION
Extent 1 online resource (179 p.)
490 0# - SERIES STATEMENT
Series statement Contemporary Hispanic and Lusophone cultures
500 ## - GENERAL NOTE
General note Series statement found on jacket.
504 ## - BIBLIOGRAPHY, ETC. NOTE
Bibliography, etc. note Includes bibliographical references (p. [169]-174) and index.
505 00 - FORMATTED CONTENTS NOTE
Miscellaneous information Part one.
Title The avant-garde and its discontents : the place of poetry in contemporary Spanish culture --
-- Aesthetic conservatism in recent Spanish poetry --
-- Three apologies for poetry --
-- Poetry, politics, and power --
Miscellaneous information Part Two.
Title Valente, Gamoneda, and the "Generation of the 1950s" --
-- In search of ordinary language : revisiting the "Generation of the 1950s" --
-- Jose Ángel Valente's Lectura de Paul Celan : translation and the Heideggerian tradition in Spain --
-- Antonio Gamoneda's Libro de los venenos : the limits of genre --
Miscellaneous information Part Three.
Title Women poets of the 1980s and 1990s --
-- Gender under erasure (Amparo Amorós, Luisa Castro) --
-- Desire deferred : Ana Rossetti's Punto umbrío --
-- Concha García : the end of epiphany --
-- Lola Velasco's El movimiento de las flores and the limits of criticism.
506 0# - RESTRICTIONS ON ACCESS NOTE
Terms governing access Open Access
Standardized terminology for access restriction Unrestricted online access
Source of term star
588 ## - SOURCE OF DESCRIPTION NOTE
Source of description note Description based on print version record.
650 #0 - SUBJECT ADDED ENTRY--TOPICAL TERM
Topical term or geographic name entry element Spanish poetry
Chronological subdivision 20th century
General subdivision History and criticism.
655 #7 - INDEX TERM--GENRE/FORM
Genre/form data or focus term Electronic books.
Source of term local
710 2# - ADDED ENTRY--CORPORATE NAME
Corporate name or jurisdiction name as entry element Project Muse.
Relator term distributor
830 #0 - SERIES ADDED ENTRY--UNIFORM TITLE
Uniform title Contemporary Hispanic and Lusophone cultures.
830 #0 - SERIES ADDED ENTRY--UNIFORM TITLE
Uniform title Book collections on Project MUSE.
856 40 - ELECTRONIC LOCATION AND ACCESS
Public note Full text available:
Uniform Resource Identifier <a href="https://muse.jhu.edu/book/72687/">https://muse.jhu.edu/book/72687/</a>
Holdings
Withdrawn status Lost status Source of classification or shelving scheme Damaged status Not for loan Home library Current library Shelving location Date acquired Total Checkouts Full call number Date last seen Uniform Resource Identifier Price effective from Koha item type
          Digital Library Digital Library Online Access 27.01.2021   PQ6085 .M376 2009 27.01.2021 https://muse.jhu.edu/book/72687/ 27.01.2021 eBook

OPENING HOURS

Weekdays: 0815hrs - 1800hrs
Weekends:0900hrs - 1200hrs

Closed for Mass:

Mon, Thur: 1200hrs - 1300hrs
Sunday & Public Holiday’s

CALL SUPPORT

0242-570570, 0242-570169
09200664, +263 8644140602

LOCATION

18443, Cranborne Avenue, Hatfield, Harare

Other Links


©2021 | CUZ Library